MARC details
| 000 -CABECERA |
| campo de control de longitud fija |
01666nam a2200385 a 4500 |
| 001 - NÚMERO DE CONTROL |
| campo de control |
000042412 |
| 003 - IDENTIFICADOR DEL NÚMERO DE CONTROL |
| campo de control |
DO-SdBNP |
| 005 - FECHA Y HORA DE LA ÚLTIMA TRANSACCIÓN |
| campo de control |
20250311102159.0 |
| 007 - CAMPO FIJO DE DESCRIPCIÓN FÍSICA--INFORMACIÓN GENERAL |
| campo de control de longitud fija |
ta |
| 008 - DATOS DE LONGITUD FIJA--INFORMACIÓN GENERAL |
| campo de control de longitud fija |
131128s2009 dr cf r 000 0 spa d |
| 020 ## - NÚMERO INTERNACIONAL ESTÁNDAR DEL LIBRO |
| Número Internacional Estándar del Libro |
9789993467540 |
| 040 ## - FUENTE DE LA CATALOGACIÓN |
| Centro catalogador/agencia de origen |
DO-SdBNP |
| Lengua de catalogación |
spa |
| Centro/agencia transcriptor |
BNPHU |
| 082 #4 - NÚMERO DE LA CLASIFICACIÓN DECIMAL DEWEY |
| Número de clasificación |
728.097293 |
| Número de documento/Ítem |
D948a |
| Número de edición |
22 |
| 100 1# - ENTRADA PRINCIPAL--NOMBRE DE PERSONA |
| Nombre de persona |
Durán Núñez, Víctor Ml., |
| Fechas asociadas al nombre |
1964- |
| Forma completa/desarrollada del nombre |
(Víctor Manuel) |
| 9 (RLIN) |
69531 |
| 245 10 - MENCIÓN DE TÍTULO |
| Título |
Arquitectura popular dominicana = Dominican popular architecture = Architecture populaire dominicaine |
| Mención de responsabilidad, etc. |
Víctor Ml. Durán Núñez, Emilio José Brea García; traducciones, Pedro Canó, Alexandra Flaviá, Christopher Vicioso Turner, Rosene Zaros, Elisabeth Robert; prólogo, Manuel S. Gautier. |
| 246 1# - FORMA VARIANTE DE TÍTULO |
| Título propio/Titulo breve |
Dominican popular architecture |
| 246 1# - FORMA VARIANTE DE TÍTULO |
| Título propio/Titulo breve |
Architecture populaire dominicaine |
| 260 ## - PUBLICACIÓN, DISTRIBUCIÓN, ETC. |
| Lugar de publicación, distribución, etc. |
Santo Domingo : |
| Nombre del editor, distribuidor, etc. |
Banco Popular, |
| Fecha de publicación, distribución, etc. |
2009. |
| 300 ## - DESCRIPCIÓN FÍSICA |
| Extensión |
391 p. : |
| Otras características físicas |
il., fots., mapas, retrs. ; |
| Dimensiones |
27 cm. |
| 500 ## - NOTA GENERAL |
| Nota general |
Incluye datos biográficos de los autores : p. 252-253 |
| 500 ## - NOTA GENERAL |
| Nota general |
Texto español, ingles y francés |
| 504 ## - NOTA DE BIBLIOGRAFÍA, ETC. |
| Nota de bibliografía, etc. |
Bibliografía : p. 245-251 |
| 546 ## - NOTA DE LENGUA/LENGUAJE |
| Nota de lengua/lenguaje |
Textos en español, ingles y frances |
| 590 ## - NOTA LOCAL (RLIN) |
| Nota local |
Inventariado, 2019/BT |
| 650 #0 - PUNTO DE ACCESO ADICIONAL DE MATERIA--TÉRMINO DE MATERIA |
| Término de materia o nombre geográfico como elemento de entrada |
Arquitectura vernácula |
| 9 (RLIN) |
82182 |
| 650 #4 - PUNTO DE ACCESO ADICIONAL DE MATERIA--TÉRMINO DE MATERIA |
| Término de materia o nombre geográfico como elemento de entrada |
Arquitectura |
| Subdivisión geográfica |
República Dominicana |
| 9 (RLIN) |
54378 |
| 700 1# - PUNTO DE ACCESO ADICIONAL--NOMBRE DE PERSONA |
| Nombre de persona |
Canó, Pedro, |
| Término indicativo de función/relación |
trad. ingles |
| 9 (RLIN) |
55347 |
| 700 1# - PUNTO DE ACCESO ADICIONAL--NOMBRE DE PERSONA |
| Nombre de persona |
Flaviá, Alexandra, |
| Término indicativo de función/relación |
trad. ingles |
| 9 (RLIN) |
69532 |
| 700 1# - PUNTO DE ACCESO ADICIONAL--NOMBRE DE PERSONA |
| Nombre de persona |
Vicioso Turner, Christopher, |
| Término indicativo de función/relación |
trad. ingles |
| 9 (RLIN) |
69533 |
| 700 1# - PUNTO DE ACCESO ADICIONAL--NOMBRE DE PERSONA |
| Nombre de persona |
Zaros, Rosene, |
| Término indicativo de función/relación |
trad. inglés |
| 9 (RLIN) |
69534 |
| 700 1# - PUNTO DE ACCESO ADICIONAL--NOMBRE DE PERSONA |
| Nombre de persona |
Robert, Elisabeth, |
| Término indicativo de función/relación |
trad. francés |
| 9 (RLIN) |
69535 |
| 700 1# - PUNTO DE ACCESO ADICIONAL--NOMBRE DE PERSONA |
| Nombre de persona |
Gautier, Manuel S., |
| Término indicativo de función/relación |
prol. |
| 9 (RLIN) |
54379 |
| 910 ## - DATOS DE OPCIÓN DEL USUARIO (OCLC) |
| Datos de opción del usuario |
Validado, 2022/MFF |
| 942 ## - ELEMENTOS DE PUNTO DE ACCESO ADICIONAL (KOHA) |
| Fuente del sistema de clasificación o colocación |
Dewey Decimal Classification |
| Tipo de ítem Koha |
Libro |